Normal view
MARC view
Entry Personal Name
001 - CONTROL NUMBER
- control field: 51971
003 - CONTROL NUMBER IDENTIFIER
- control field: ARRUPE
005 - DATE AND TIME OF LATEST TRANSACTION
- control field: 20221125123056.0
008 - FIXED-LENGTH DATA ELEMENTS
- fixed length control field: 221125|| aca||aabn | a|a d
040 ## - CATALOGING SOURCE
- Original cataloging agency: ARRUPE
- Transcribing agency: ARRUPE
100 ## - HEADING--PERSONAL NAME
- Personal name: Blumstein, Daniel T.
670 ## - SOURCE DATA FOUND
- Source citation: Work cat.: (ARRUPE)131570: Blumstein, Daniel T., author., The nature of fear :